| 000 | 00731nam a2200253Ia 4500 | ||
|---|---|---|---|
| 003 | OSt | ||
| 005 | 20220927105258.0 | ||
| 006 | a|||||r|||| 00| 0 | ||
| 007 | ta | ||
| 008 | 220926b |||||||| |||| 00| 0 eng d | ||
| 024 | _a175926 | ||
| 037 | _cReference Collections | ||
| 040 |
_aRTL _cRTL _beng |
||
| 041 |
_2eng _aeng |
||
| 082 | _a"X:54, P1" | ||
| 110 |
_aCOMMONWEALTH SECRETARIAT _9371408 |
||
| 245 | 0 | _aEvaluation of the trade and investment access facility | |
| 260 |
_aLondon _bCommonwealth Secretariat _c2001 |
||
| 300 |
_a"x, 87p" _ccm. |
||
| 490 | _aEvaluation Study No. 68 | ||
| 700 |
_aCOMMONWEALTH SECRETARIAT _9371409 |
||
| 942 |
_h"X:54, P1" _cCC |
||
| 999 |
_c691607 _d691607 |
||